000 03440nam0a2200421 4500
001 RU\NLR\BIBL_A\012853247
005 20260408192421.0
010 _a978-5-907380-69-1
_954
021 _aRU
_b2022-30422
_9КН-П-2591
035 _a(RuMoRGB)011068344
035 _a(NLR Aleph) 012853247
090 _a12434212
_c12434212
100 _a20220725d2022 |||y0rusy50 ca
101 0 _arus
102 _aRU
105 _a |||z|||000zy
181 0 _ai3
_baxxe
182 0 _an
200 1 _aИсследовательские практики НКО
_eсоциологическое исследование
_eсборник
_fЕ. Г. Каменский, кандидат социологических наук, доцент, А. Ю. Огурцова, Е. А. Земцова, Е. А. Воробьев
_gпод общей редакцией Огурцовой А. Ю.
_gКурская региональная общественная организация "Центр региональных исследований и поддержки социальных инициатив Курской области"
203 _aТекст
_bвизуальный
_cнепосредственный
210 _aКурск
_cКонстанта
_d2022
215 _a70 с.
_cцв. ил., табл.
_d21х21
300 _aАвт. указаны на обороте тит. с.
330 _aСборник "Исследовательские практики НКО" нацелен на решение проблемы отсутствия специализированной научно-исследовательской литературы в сфере изучения некоммерческого сектора в регионе и преследует своей целью популяризацию научно-исследовательской литературы и исследовательских практик о деятельности НКО в регионе. Сборник будет интересен работникам органов государственной власти и местного самоуправления, представителям общественных и некоммерческих организаций региона, преподавателям Высших учебных заведений, аспирантам, магистрантам
606 _aНекоммерческие организации
_xСтратегическое планирование
_jСборники
_3RU\NLR\AUTH\661299699
_92159439
686 1 _aС550.371.2я43
686 1 _aУ21(2)91я43
701 1 _aКаменский
_bЕ. Г.
_gЕвгений Георгиевич
701 1 _aОгурцова
_bА.Ю.
_gАльбина Юрьевна
701 1 _aЗемцова
_bЕ.А.
_gЕкатерина Андреевна
701 1 _7ca
_8rus
_aВоробьев
_bЕ. А.
_cсоциолог
_gЕвгений Александрович
_9238616
_3RU\NLR\AUTH\770238672
702 1 _aОгурцова
_bА.Ю.
_gАльбина Юрьевна
_4340
712 0 2 _4570
_aЦентр региональных исследований и поддержки социальных инициатив Курской области
_9777870
_3RU\NLR\AUTH\880555482
942 _cBOOK
980 _aNB